قواعد جارتين : (Record no. 28157)
[ view plain ]
| 000 -الفاتح | |
|---|---|
| حقل البيانات ثابتة الطول | 01618nam a22003615i 4500 |
| 003 - محدد رقم الضبط | |
| رقم الضبط | EG-ScBUE |
| 005 - وقت وتاريخ اخر تعامل مع التسجيلة | |
| رقم الضبط | 20200220105335.0 |
| 008 - عناصر البيانات ثابتة الطول - معلومات عامة | |
| حقل البيانات ثابتة الطول | 200219m20182020ua g 000 f ara d |
| 017 ## - رقم الإيداع القانونى | |
| رقم الإيداع القانونى | 2018 / 2587 (المجلد الأول) |
| 017 ## - رقم الإيداع القانونى | |
| رقم الإيداع القانونى | 2018 / 27097 (المجلد الثاني) |
| 017 ## - رقم الإيداع القانونى | |
| رقم الإيداع القانونى | 2020 / 1637 (المجلد الثالث) |
| 020 ## - الرقم الدولى المعيارى للكتب | |
| الرقم الدولى المعيارى للكتاب | 9789776541603 (المجلد الأول) |
| 020 ## - الرقم الدولى المعيارى للكتب | |
| الرقم الدولى المعيارى للكتاب | 9789776542389 (المجلد الثاني) |
| 020 ## - الرقم الدولى المعيارى للكتب | |
| الرقم الدولى المعيارى للكتاب | 9789779920870 (المجلد الثالث) |
| 040 ## - مصدر الفهرسة | |
| وكالة الفهرسة الأصلية | EG-ScBUE |
| لغة الفهرسة | ara |
| قواعد الوصف | rda |
| وكالة النسخ | EG-ScBUE |
| وكالة التعديل | EG-ScBUE |
| 082 04 - رقم تصنيف ديوى العشرى | |
| رقم التصنيف | 892.736 |
| رقم المادة | ع ب د |
| رقم الطبعة | 22 |
| 100 1# - المدخل الرئيسى - إسم شخصى | |
| الإسم الشخصى | عبد المجيد، عمرو، |
| الدور | مؤلف. |
| 245 10 - بيان العنوان | |
| العنوان | قواعد جارتين : |
| بقية العنوان | رواية / |
| بيان المسئوليه,etc | عمرو عبد المجيد. |
| 246 34 - العنوان الموازى | |
| عنوان صحيح/عنوان مختصر | Laws of jartin |
| 250 ## - بيان الطبعة | |
| بيان الطبعة | الطبعة الأولى. |
| 264 #1 - النشر، التوزيع | |
| مكان الناشر او الموزع | القاهرة : |
| اسم الناشر او الموزع | عصير الكتب، |
| تاريخ النشر أو التوزيع | 2018-2020. |
| 300 ## - الوصف المادى | |
| التعداد | 3 مجلدات ؛ |
| أبعاد الوعاء | 22 سم |
| 336 ## - نوع المحتوى | |
| Carrier Type Term | نص |
| Content Type Code | txt |
| source | rdacontent |
| 337 ## - نوع الوسيط | |
| Media Type Term | بدون وسيط |
| Media Type Code | n |
| source | rdamedia |
| 338 ## - نوع الحامل أو الناقل | |
| Carrier Type Term | مجلد |
| Carrier Type Code | nc |
| source | rdacarrier |
| 500 ## - تبصرة عامة | |
| تبصرة عامة | المجلد الأول، قواعد جارتين، الطبعة 64، المجلد الثاني، دقات الشامو، الطبعة 15، المجلد الثالث، أمواج أكما، الطبعة 15. |
| 505 0# - تبصرة محتويات-الفهرس | |
| تبصرة المحتويات المصاغة | المجلد الأول. قواعد جارتين -- المجلد الثاني. دقات الشامو -- المجلد الثالث. أمواج أكما. |
| 541 ## - تبصرة المصدر المباشر للتزويد | |
| مصدر التزويد | Book Fair, 2020 |
| 650 #7 - المدخل الاضافى بالموضوع-مصطلح موضوعى | |
| مصطلح موضوعي أو اسم جغرافي كعنصر مدخل | القصص العربية |
| التقسيم الفرعي الزمني | قرن 21. |
| مصدر الرأس أو المصطلح | BUEsh |
| 651 ## - المدخل الاضافى بالموضوع - اسم جغرافى | |
| مصدر الرأس أو المصطلح | BUEsh |
| 653 ## - مصطلح تكشيفى غير مقيد | |
| Resource For college | Arabic Literature |
| -- | Generalities |
| Arrived date list | February2020 |
| 942 ## - عناصر المدخل الإضافي( كوها) | |
| مصدر التصنيف او مخطط الترفيف | Dewey Decimal Classification |
| حالة التراجع | حالة الفقد | مصدر التصنيف او خطة الترفيف | حالة تلف | ليس للاعارة | مجموعات كوها | المكان الدائم | المكان الحالي | موقع الترفيف | تاريخ الاكتساب | Source of acquisition | سعر الشراء الطبيعي | تعداد مسلسل / التسلسل الزمني | رقم الاستدعاء | الباركود | Date last seen | مُعار | التكلفة | نوع الوعاء | تبصرة عامة |
|---|---|---|---|---|---|---|---|---|---|---|---|---|---|---|---|---|---|---|---|
| Dewey Decimal Classification | Books Juice | Central Library | Central Library | Second Floor | 20/02/2020 | Purchase | 60.00 | 936 | 892.736 ع ب د | 000048705 | 08/11/2025 | 08/11/2025 | 75.00 | Book - Borrowing | المجلد الأول | ||||
| Dewey Decimal Classification | Books Juice | Central Library | Central Library | Second Floor | 20/02/2020 | Purchase | 65.00 | 936 | 892.736 ع ب د | 000048706 | 08/11/2025 | 08/11/2025 | 81.25 | Book - Borrowing | المجلد الثاني | ||||
| Dewey Decimal Classification | Books Juice | Central Library | Central Library | Second Floor | 20/02/2020 | Purchase | 65.00 | 936 | 892.736 ع ب د | 000048707 | 29/09/2025 | 24/09/2025 | 81.25 | Book - Borrowing | المجلد الثالث | ||||
| Dewey Decimal Classification | Books Juice | Central Library | Central Library | Second Floor | 01/02/2026 | 300.00 | 1375 | 892.736 ع ب د | 000057449 | 29/04/2026 | 16/04/2026 | 375.00 | Book - Borrowing | المجلد الأول | |||||
| Dewey Decimal Classification | Books Juice | Central Library | Central Library | Second Floor | 01/02/2026 | Purchase | 300.00 | 1375 | 892.736 ع ب د | 000057452 | 29/04/2026 | 16/04/2026 | 375.00 | Book - Borrowing | المجلد الثاني | ||||
| Dewey Decimal Classification | Books Juice | Central Library | Central Library | Second Floor | 01/02/2026 | Purchase | 300.00 | 1375 | 892.736 ع ب د | 000057451 | 29/04/2026 | 16/04/2026 | 375.00 | Book - Borrowing | المجلد الثالث |